000 01551aam a2200229 a 4500
003 AR-RoUNCS
005 20260203132920.0
008 140422s2004 ag gr 001 f spa
015 _aAR-2004
020 _a950-731-409-1
040 _aAR-BaBN
_bspa
_cAR-RoUNCS
_eaacr
080 1 _a82-31(821)
_22016
100 1 _aTizón, Héctor,
_d1929-2012
_eautor
_4aut
245 1 3 _aLa belleza del mundo /
_cHéctor Tizón.
260 _aBuenos Aires :
_bSeix Barral,
_c2004.
300 _a207 p. ;
_c23 cm.
490 0 _aBiblioteca Breve.
520 3 _aEn algún lugar del mundo, dos jóvenes se unen en matrimonio. Él es apicultor y sólo desea que su mujer lo ame y compense su cansancio al final de cada jornada. Pero Laura, que se ha casado para huir de un padre borracho y violento, no encuentra sosiego en esa unión, porque hay en ella una inquietud difícil de comprender y de calmar. Un día, Laura huye con Venancio, el habitual comprador de la miel de sus panales. Entonces su marido, Lucas, expulsado por la pena y el desamor, emprende un largo periplo, tal como el Ulises homérico, abandonándose al azar y a las peripecias del viaje. Pero la vida es sólo una, y todo ser humano la lleva, inevitablemente, consigo. Aunque la suerte ofrezca la posibilidad de mudar de lugar, de gentes, de oficios, el pasado retorna, porque nunca se ha ido; espera, al acecho, hasta que nos envuelve y nos impregna, como una neblina espesa y resistente.
_c(Descripción del editor).
650 4 _aLiteratura argentina
655 4 _aNovelas
942 _2udc
_cLPD
_n0
999 _c866
_d866